| 000 | 01109cam a2200361Mi 4500 | ||
|---|---|---|---|
| 001 | 72685 | ||
| 005 | 20230410132921.0 | ||
| 008 | 080627s19779999sp 000 0 spa d | ||
| 035 | _a(OCoLC)ocn640240383 | ||
| 040 |
_aUN@ _bspa _cUN@ _dOCLCQ |
||
| 020 | _a8424916786 | ||
| 020 | _a9788424916787 | ||
| 035 | _a(OCoLC)640240383 | ||
| 050 | 1 | 4 |
_aB 171 _bB582 1977 |
| 049 | _aGRAL | ||
| 100 | 0 | _aAristófanes. | |
| 130 | 1 | _aBiblioteca Clásica Gredos. | |
| 245 | 1 | 0 |
_aComedias I / _cAristófanes ; introducción, traducción y notas de Luis Gil Fernández. |
| 260 |
_aMadrid : _bGredos, _c1977 |
||
| 300 | _a339 p. | ||
| 440 | 0 |
_aBiblioteca clásica Gredos ; _vn.204 |
|
| 504 | _aIncluye bibliografía: p.[60]-67. | ||
| 505 | 0 | _aLos Acarnienses -- Los Caballeros. | |
| 650 | 0 | _aPhilosophy, Classical. | |
| 650 | 0 | _aPhilosophy, Ancient. | |
| 650 | 4 |
_aDrama griego _xTraducciones al español. |
|
| 650 | 4 |
_aComedia griega _xTraducciones al español. |
|
| 700 | 1 | _aGil Fernández, Luis. | |
| 740 | 4 | 2 | _aLos Acarnienses. |
| 740 | 4 | 2 | _aLos Caballeros. |
| 942 |
_2lcc _cbk |
||
| 994 |
_aC0 _bDRFGD |
||
| 999 |
_c90138 _d90138 |
||